000 00454nam a2200169Ia 4500
003 OSt
005 20260307100313.0
008 211028s2010 xx 000 0 und d
040 _cAIMIT LIBRARY
041 _aeng
100 _aKumar T K, Dileep; D' Souza, Manibushan.
_g71725
_93182
110 _aRakesh.
_93183
245 _aOnline medical treatment /
260 _aCochin
_c2010
710 _aWeb content management system
_93184
942 _2ddc
_cPRO
999 _c217146
_d217146